[Event "4th Memorial Warakomska-B 2020"]
[Site "Suwalki"]
[Date "2020.08.08"]
[Round "4.10"]
[White "Widelski, Kacper"]
[Black "Stefaniuk, Zbigniew"]
[Result "1-0"]
[WhiteElo "1879"]
[BlackElo "1538"]
[Annotator "NA"]
[PlyCount "95"]
[EventDate "2020.08.06"]
[EventType "swiss"]
[EventCountry "POL"]
[SourceTitle "playchess.com"]
[Source "ChessBase"]
[SourceQuality "1"]
[TimeControl "40/5400+30:1800+30"]

{[%evp 14,87,15,0,32767,0,32767,0,32767,-18,9,-29,32767,32767,-12,32767,32767,-73,-72,32767,-35,-40,-10,-5,32767,32767,46,32767,32767,60,32767,32767,32767,32767,280,290,32767,32767,275,289,32767,294,410,389,408,475,432,495,505,472,32767,532,522,473,585,32767,586,706,32767,32767,32767,32767,32767,891,1998,32767,32767,32767,32767,32767,32767,32767,32767,979,1271,2803]} 1. e4 {[%emt 0:00:00]} e5 {[%emt 0:00:00]} 2. Nf3 {[%emt 0:00:00]} Nf6 {[%emt 0:00:00]} 3. d4 {[%emt 0:01:15]} Nxe4 {[%emt 0:00:16]} 4. Nxe5 {[%emt 0:02:00]} d5 {[%emt 0:01:42]} 5. Bd3 {[%emt 0:04:59]} Nd7 {[%emt 0:02:46]} 6. O-O {[%emt 0:19:16]} Nxe5 {[%emt 0:02:35]} 7. dxe5 {[%emt 0:01:30]} Nc5 {[%emt 0:00:51]} 8. Be2 {[%emt 0:01:49]} Be7 {[%emt 0:01:36] C43: Petroff Defence: 3 d4.} 9. Be3 {[%emt 0:03:02]} O-O {[%emt 0:03:56]} 10. c3 {[%emt 0:03:37]} Bf5 {[%emt 0:02:43] [#]} 11. Na3 $146 {[%emt 0:13:56]} ({Predecessor:} 11. g4 Bc8 12. Nd2 a5 13. Nb3 Nxb3 14. axb3 f6 15. exf6 Bxf6 16. f4 Qe7 17. Bf2 {1-0 (51) Silin,V (2275)-Rutkus,R (1893) ICCF email 2010}) 11... Ne6 {[%emt 0:04:39]} 12. Qb3 {[%emt 0:12:58]} c6 {[%emt 0:06:15]} 13. Nc2 {[%emt 0:04:03]} Qc7 {[%emt 0:06:14]} 14. f4 {[%emt 0:02:06]} Nc5 {[%emt 0:04:20]} 15. Bxc5 {[%emt 0:00:41]} Bxc5+ {[%emt 0:02:15]} 16. Nd4 {[%emt 0:01:28]} Qb6 {[%emt 0:06:54]} 17. Qxb6 {[%emt 0:00:36]} Bxb6 {[%emt 0:00:49]} 18. Kh1 {[%emt 0:01:17]} Bxd4 {[%emt 0:00:54]} 19. cxd4 {[%emt 0:00:08]} Rfe8 {[%emt 0:02:14]} 20. Rac1 {[%emt 0:02:35]} Re6 {[%emt 0:03:02]} 21. Bf3 {[%emt 0:02:03]} Rg6 {[%emt 0:10:04]} 22. h3 {[%emt 0:01:20]} Re8 {[%emt 0:08:15]} 23. Rc3 {[%emt 0:01:49]} f6 $2 {[%emt 0:02:34]} (23... Bd7 $16) 24. Bh5 {[%emt 0:00:21] Skewer} Be4 {[%emt 0:00:53]} 25. Bxg6 {[%emt 0:00:05]} hxg6 {[%emt 0:00:11]} 26. Ra3 {[%emt 0:01:11]} a6 {[%emt 0:01:24]} 27. Kg1 {[%emt 0:02:49]} f5 {[%emt 0:00:50]} (27... Re7 {was worth a try.} 28. Re3 Rd7) 28. Kf2 {[%emt 0:00:46]} Re7 {[%emt 0:00:26]} 29. Rc1 {[%emt 0:00:39]} Kf8 {[%emt 0:00:28]} 30. h4 {[%emt 0:00:56]} Ke8 {[%emt 0:00:56]} 31. Rh1 {[%emt 0:01:05]} Re6 {[%emt 0:01:19]} 32. Rb3 {[%emt 0:00:23]} Re7 {[%emt 0:03:11]} 33. h5 {[%emt 0:00:39]} Kf7 {[%emt 0:00:47]} 34. h6 {[%emt 0:00:43]} Kg8 {[%emt 0:00:39]} 35. hxg7 {[%emt 0:00:12]} Rxg7 {[%emt 0:00:29]} 36. Rbh3 {[%emt 0:00:13]} g5 {[%emt 0:00:35]} 37. Rh8+ {[%emt 0:00:49]} Kf7 {[%emt 0:00:12]} 38. R1h7 {[%emt 0:00:25]} gxf4 {[%emt 0:00:24]} 39. Rxg7+ {[%emt 0:00:06]} Kxg7 {[%emt 0:00:11]} 40. Rb8 {[%emt 0:00:00]} b5 {[%emt 0:00:00]} 41. Rb6 {[%emt 0:00:24]} a5 {[%emt 0:01:15]} 42. Rxc6 {[%emt 0:00:22]} Bb1 {[%emt 0:00:48]} 43. Rc5 {[%emt 0:01:21]} Bxa2 $18 {[%emt 0:00:13]} 44. Rxb5 {[%emt 0:00:06]} a4 {[%emt 0:00:13]} 45. Ra5 {[%emt 0:00:08]} Bb3 {[%emt 0:00:18]} 46. Kf3 {[%emt 0:00:05]} Kf7 {[%emt 0:00:35]} 47. Kxf4 {[%emt 0:00:07]} Ke6 {[%emt 0:00:17]} 48. Ra6+ {[%emt 0:00:06]} 1-0

[Event "4th Memorial Warakomska-B 2020"]
[Site "Suwalki"]
[Date "2020.08.08"]
[Round "4.11"]
[White "Wierzbicki, Michal"]
[Black "Borowik, Karol"]
[Result "1-0"]
[WhiteElo "1849"]
[BlackElo "1426"]
[Annotator "NA"]
[PlyCount "49"]
[EventDate "2020.08.06"]
[EventType "swiss"]
[EventCountry "POL"]
[SourceTitle "playchess.com"]
[Source "ChessBase"]
[SourceQuality "1"]
[TimeControl "40/5400+30:1800+30"]

1. d4 {[%emt 0:00:00]} Nf6 {[%emt 0:00:00]} 2. Nf3 {[%emt 0:00:00]} g6 {[%emt 0:00:00]} 3. c4 {[%emt 0:00:00]} Bg7 4. Nc3 {[%emt 0:00:00]} O-O {[%emt 0:00:02]} 5. Bg5 {[%emt 0:00:58]} d6 {[%emt 0:03:42]} 6. e3 {[%emt 0:00:07]} c6 {[%emt 0:05:52]} 7. Be2 {[%emt 0:00:28]} Nbd7 {[%emt 0:04:56]} 8. O-O {[%emt 0:00:20]} a6 {[%emt 0:03:09]} 9. a4 {[%emt 0:02:39] E61: King's Indian: Early deviations for White, including Smyslov System.} b6 {[%emt 0:09:36]} 10. Qc2 {[%emt 0:05:39]} Bb7 11. Rfd1 {[%emt 0:02:05]} Qc7 {[%emt 0:18:57] [#]} 12. Nd2 $146 {[%emt 0:13:09]} ({Predecessor:} 12. e4 e5 13. d5 cxd5 14. cxd5 h6 15. Bh4 Nh5 16. Nd2 Nf4 17. Bf1 f5 18. f3 fxe4 19. Ndxe4 {1-0 (48) Sagar,S (2391)-Verikakis,M (2071) Paleochora 2017}) 12... Rac8 {[%emt 0:15:45]} 13. f4 {[%emt 0:02:58]} Rfe8 {[%emt 0:07:08]} 14. Bh4 {[%emt 0:16:54]} h6 {[%emt 0:04:47]} 15. f5 {[%emt 0:05:27]} g5 {[%emt 0:04:11]} 16. Bg3 {[%emt 0:01:14]} e5 {[%emt 0:05:54]} 17. fxe6 {[%emt 0:02:27]} fxe6 $2 {[%emt 0:00:48]} (17... Rxe6 $16 {keeps fighting.} 18. e4 c5) 18. Nde4 {[%emt 0:01:30]} Nxe4 {[%emt 0:01:23]} 19. Nxe4 {[%emt 0:00:06]} e5 {[%emt 0:00:26]} 20. dxe5 {[%emt 0:01:07]} Bxe5 {[%emt 0:05:40]} 21. Nxd6 {[%emt 0:01:40] Double Attack} Bxd6 {[%emt 0:01:31]} 22. Qg6+ {[%emt 0:00:55] Double Attack} Kh8 {[%emt 0:00:37]} 23. Qxh6+ {[%emt 0:00:49]} Kg8 {[%emt 0:00:04]} 24. Qxg5+ {[%emt 0:01:22]} Kh8 {[%emt 0:00:13]} 25. Rxd6 {[%emt 0:01:18]} 1-0

[Event "4th Memorial Warakomska-B 2020"]
[Site "Suwalki"]
[Date "2020.08.08"]
[Round "4.12"]
[White "Milewski, Karol"]
[Black "Harasimczuk, Jakub"]
[Result "1-0"]
[WhiteElo "1795"]
[BlackElo "1400"]
[Annotator "NA"]
[PlyCount "61"]
[EventDate "2020.08.06"]
[EventType "swiss"]
[EventCountry "POL"]
[SourceTitle "playchess.com"]
[Source "ChessBase"]
[SourceQuality "1"]
[TimeControl "40/5400+30:1800+30"]

1. d4 {[%emt 0:00:00]} d5 {[%emt 0:00:00]} 2. Bf4 {[%emt 0:00:25]} c5 {[%emt 0:02:53]} 3. e3 {[%emt 0:03:11]} Nc6 {[%emt 0:06:06]} 4. Nf3 {[%emt 0:09:16]} Bg4 5. c3 {[%emt 0:01:20]} Qb6 {[%emt 0:12:47]} 6. Qb3 {[%emt 0:02:36]} Bxf3 7. gxf3 e6 {[%emt 0:10:20]} 8. Nd2 {[%emt 0:07:54]} c4 {[%emt 0:04:31]} 9. Qc2 {[%emt 0:00:38]} Nf6 {[%emt 0:01:31]} 10. Bg2 {[%emt 0:03:37]} Nh5 {[%emt 0:04:57]} 11. Bg3 {[%emt 0:00:40]} Be7 {[%emt 0:02:48]} 12. e4 {[%emt 0:04:43]} Rd8 {[%emt 0:07:51]} 13. O-O {[%emt 0:03:48]} g6 {[%emt 0:05:55]} 14. f4 {[%emt 0:03:27]} g5 {[%emt 0:08:14]} 15. fxg5 {[%emt 0:14:37]} Bxg5 {[%emt 0:00:27]} 16. f4 {[%emt 0:01:02]} Nxg3 {[%emt 0:05:22]} 17. hxg3 {[%emt 0:01:35]} Bf6 {[%emt 0:01:21]} 18. e5 {[%emt 0:04:03]} Be7 {[%emt 0:03:19]} 19. Kh2 {[%emt 0:04:08]} Kd7 {[%emt 0:05:19]} 20. Bh3 {[%emt 0:06:38]} Rdg8 {[%emt 0:06:11]} 21. f5 {[%emt 0:02:42]} Nd8 {[%emt 0:02:14]} 22. Rab1 {[%emt 0:01:32]} h5 {[%emt 0:01:24]} 23. b3 {[%emt 0:01:21]} h4 {[%emt 0:04:36]} 24. g4 {[%emt 0:01:00]} Qc7 {[%emt 0:01:12]} 25. bxc4 {[%emt 0:03:24]} f6 {[%emt 0:01:35]} 26. Nf3 {[%emt 0:10:04]} fxe5 {[%emt 0:00:41]} 27. Nxe5+ {[%emt 0:00:35]} Kc8 {[%emt 0:00:17]} 28. cxd5 {[%emt 0:01:16]} exd5 {[%emt 0:01:19]} 29. f6 {[%emt 0:01:42]} Bd6 {[%emt 0:00:28]} 30. Kh1 {[%emt 0:02:00]} Bxe5 {[%emt 0:00:28]} 31. Qf5+ {[%emt 0:00:24]} 1-0

[Event "4th Memorial Warakomska-B 2020"]
[Site "Suwalki"]
[Date "2020.08.08"]
[Round "4.13"]
[White "Bancarewicz, Aleks"]
[Black "Jasiulewicz, Dawid"]
[Result "1/2-1/2"]
[WhiteElo "1781"]
[BlackElo "1374"]
[Annotator "NA"]
[PlyCount "112"]
[EventDate "2020.08.06"]
[EventType "swiss"]
[EventCountry "POL"]
[SourceTitle "playchess.com"]
[Source "ChessBase"]
[SourceQuality "1"]
[TimeControl "40/5400+30:1800+30"]

1. e4 {[%emt 0:00:00]} c5 {[%emt 0:00:00]} 2. Nf3 {[%emt 0:00:00]} d6 {[%emt 0:00:14]} 3. d4 {[%emt 0:00:00]} cxd4 {[%emt 0:00:13]} 4. Nxd4 {[%emt 0:00:00]} Nf6 {[%emt 0:00:07]} 5. Nc3 {[%emt 0:00:00]} a6 {[%emt 0:00:07]} 6. Bg5 {[%emt 0:02:24]} e5 {[%emt 0:04:02]} 7. Nb3 {[%emt 0:01:37]} Be7 {[%emt 0:01:00]} 8. Bxf6 {[%emt 0:03:06]} Bxf6 {[%emt 0:00:13]} 9. Bc4 {[%emt 0:00:24]} Be6 {[%emt 0:03:10]} 10. Bd5 {[%emt 0:05:45]} Nc6 {[%emt 0:02:50]} 11. Qf3 {[%emt 0:11:58]} Rc8 {[%emt 0:08:51]} 12. O-O-O {[%emt 0:07:11]} O-O {[%emt 0:01:23]} 13. Kb1 {[%emt 0:03:27]} Qc7 {[%emt 0:07:03]} 14. h4 {[%emt 0:09:39]} Nb4 {[%emt 0:06:03]} 15. Qe2 {[%emt 0:04:32]} Nxd5 {[%emt 0:03:45]} 16. Nxd5 {[%emt 0:00:52]} Bxd5 {[%emt 0:00:18]} 17. Rxd5 {[%emt 0:01:39]} Be7 {[%emt 0:01:25]} 18. Qd3 {[%emt 0:15:30]} Qc4 {[%emt 0:10:43]} 19. Nd2 {[%emt 0:00:13]} Qxd3 {[%emt 0:00:46]} 20. Rxd3 {[%emt 0:00:07]} f5 {[%emt 0:00:53]} 21. g3 {[%emt 0:04:32]} g6 {[%emt 0:05:49]} 22. b3 {[%emt 0:04:34]} Kf7 {[%emt 0:02:45]} 23. c4 {[%emt 0:00:49]} Ke6 {[%emt 0:02:24]} 24. f3 {[%emt 0:01:33]} h6 {[%emt 0:01:47]} 25. h5 {[%emt 0:03:34]} g5 {[%emt 0:05:34]} 26. exf5+ {[%emt 0:00:13]} Rxf5 {[%emt 0:01:59]} 27. g4 {[%emt 0:00:23]} Rf4 {[%emt 0:01:35]} 28. Ne4 {[%emt 0:02:07]} Rcf8 {[%emt 0:00:43]} 29. Rh3 {[%emt 0:02:18]} Rd8 {[%emt 0:02:21]} 30. Nc3 {[%emt 0:01:28]} Bf8 {[%emt 0:02:25]} 31. Rh1 {[%emt 0:03:25]} Be7 {[%emt 0:01:55]} 32. Nd5 {[%emt 0:00:19]} Rf7 {[%emt 0:00:19]} 33. Re1 {[%emt 0:02:16]} Bf8 {[%emt 0:06:42]} 34. a4 {[%emt 0:01:24]} Rc8 {[%emt 0:01:16]} 35. Re4 {[%emt 0:00:42]} b5 {[%emt 0:08:23]} 36. Nb6 {[%emt 0:03:34]} Rc6 {[%emt 0:03:27]} 37. a5 {[%emt 0:00:52]} Rc5 {[%emt 0:02:15]} 38. b4 {[%emt 0:01:22]} bxc4 {[%emt 0:01:29]} 39. Nxc4 {[%emt 0:03:13]} Rb5 {[%emt 0:01:31]} 40. Rb3 {[%emt 0:00:00]} Rfb7 {[%emt 0:00:00]} 41. Kc2 {[%emt 0:14:17]} Rxb4 {[%emt 0:01:54]} 42. Rxb4 {[%emt 0:00:03]} Rxb4 {[%emt 0:00:06]} 43. Ne3 {[%emt 0:00:06]} d5 {[%emt 0:02:28]} 44. Rxb4 {[%emt 0:02:24]} Bxb4 {[%emt 0:00:06]} 45. Nf5 {[%emt 0:00:05]} e4 {[%emt 0:08:26]} 46. fxe4 {[%emt 0:02:23]} dxe4 {[%emt 0:00:09]} 47. Nxh6 {[%emt 0:00:34]} Bxa5 {[%emt 0:02:14]} 48. Nf5 {[%emt 0:01:52]} Bd8 {[%emt 0:00:37]} 49. h6 {[%emt 0:08:36]} Bf6 {[%emt 0:00:38]} 50. Kd2 {[%emt 0:00:27]} a5 {[%emt 0:00:37]} 51. Ng3 {[%emt 0:02:57]} Kd5 {[%emt 0:01:52]} 52. Ne2 {[%emt 0:02:16]} Be5 {[%emt 0:10:15]} 53. h7 {[%emt 0:01:07]} Ke6 {[%emt 0:06:08]} 54. Ke3 {[%emt 0:00:13]} Kd5 {[%emt 0:01:16]} 55. Kd2 {[%emt 0:00:04]} Bf6 {[%emt 0:01:59]} 56. Nc3+ {[%emt 0:00:28]} Kd4 {[%emt 0:00:43]} 1/2-1/2

[Event "4th Memorial Warakomska-B 2020"]
[Site "Suwalki"]
[Date "2020.08.08"]
[Round "4.14"]
[White "Kotarski, Bartosz"]
[Black "Wydornik, Robert"]
[Result "1-0"]
[WhiteElo "1742"]
[BlackElo "1361"]
[Annotator "NA"]
[PlyCount "55"]
[EventDate "2020.08.06"]
[EventType "swiss"]
[EventCountry "POL"]
[SourceTitle "playchess.com"]
[Source "ChessBase"]
[SourceQuality "1"]
[TimeControl "40/5400+30:1800+30"]

1. e4 {[%emt 0:00:00]} c5 {[%emt 0:01:35]} 2. Nf3 {[%emt 0:00:00]} d6 {[%emt 0:00:06]} 3. d4 {[%emt 0:00:00]} cxd4 {[%emt 0:00:04]} 4. Nxd4 {[%emt 0:00:00]} Nf6 {[%emt 0:00:12]} 5. Nc3 {[%emt 0:00:00]} g6 {[%emt 0:00:09]} 6. Be2 {[%emt 0:00:33]} Bg7 {[%emt 0:00:20]} 7. Be3 {[%emt 0:00:23]} O-O {[%emt 0:00:25]} 8. f3 {[%emt 0:00:18]} Nc6 {[%emt 0:00:34]} 9. Qd2 {[%emt 0:00:40]} Bd7 {[%emt 0:01:08]} 10. O-O-O {[%emt 0:00:16]} Rc8 {[%emt 0:02:39]} 11. g4 {[%emt 0:05:57]} Ne5 {[%emt 0:00:59]} 12. h4 {[%emt 0:07:03]} Nc4 {[%emt 0:02:08]} 13. Bxc4 {[%emt 0:00:17]} Rxc4 {[%emt 0:00:02]} 14. h5 {[%emt 0:02:31]} Qa5 {[%emt 0:02:25]} 15. hxg6 {[%emt 0:04:05]} fxg6 {[%emt 0:00:41]} 16. Nb3 {[%emt 0:01:37]} Qc7 {[%emt 0:01:18]} 17. e5 {[%emt 0:02:23]} Ne8 {[%emt 0:07:07]} 18. Nd5 {[%emt 0:08:14]} Qd8 {[%emt 0:03:12]} 19. Bg5 {[%emt 0:01:04]} Rf7 {[%emt 0:01:54]} 20. Nxe7+ {[%emt 0:01:28]} Rxe7 {[%emt 0:00:42]} 21. exd6 {[%emt 0:00:10]} Nxd6 {[%emt 0:03:05]} 22. Qxd6 {[%emt 0:00:25]} Rxc2+ {[%emt 0:03:24]} 23. Kxc2 {[%emt 0:00:50]} Re2+ {[%emt 0:00:50]} 24. Rd2 {[%emt 0:01:42]} Bf5+ {[%emt 0:02:26]} 25. Kd1 {[%emt 0:00:34]} Qxd6 {[%emt 0:14:27]} 26. Rxd6 {[%emt 0:00:19]} Rxb2 {[%emt 0:00:20]} 27. gxf5 {[%emt 0:00:13]} Rb1+ {[%emt 0:00:19]} 28. Bc1 {[%emt 0:00:20]} 1-0

[Event "4th Memorial Warakomska-B 2020"]
[Site "Suwalki"]
[Date "2020.08.09"]
[Round "5.1"]
[White "Obolonin, Filipp"]
[Black "Wolagiewicz, Kinga"]
[Result "0-1"]
[WhiteElo "1922"]
[BlackElo "1719"]
[Annotator "ChessBase"]
[PlyCount "92"]
[EventDate "2020.08.06"]
[EventType "swiss"]
[EventCountry "POL"]
[SourceTitle "playchess.com"]
[Source "ChessBase"]
[SourceQuality "1"]
[TimeControl "40/5400+30:1800+30"]

1. d4 {[%emt 0:01:57]} d5 {[%emt 0:00:00]} 2. Nf3 {[%emt 0:00:05]} Nf6 {[%emt 0:00:00]} 3. g3 {[%emt 0:00:06]} c6 {[%emt 0:00:11]} 4. Bg2 {[%emt 0:00:07]} Bf5 {[%emt 0:00:38]} 5. O-O {[%emt 0:00:08]} h6 {[%emt 0:00:24]} 6. c4 {[%emt 0:00:07]} e6 {[%emt 0:00:19]} 7. Nc3 {[%emt 0:00:06]} Nbd7 {[%emt 0:00:25]} 8. Nd2 {[%emt 0:01:02]} Be7 {[%emt 0:01:09]} 9. e4 {[%emt 0:02:07]} dxe4 {[%emt 0:01:31]} 10. Ndxe4 {[%emt 0:00:08]} Nxe4 {[%emt 0:00:53]} 11. Nxe4 {[%emt 0:00:08]} Nf6 {[%emt 0:00:42]} 12. Nxf6+ {[%emt 0:00:24]} Bxf6 {[%emt 0:00:10]} 13. d5 {[%emt 0:00:03]} cxd5 {[%emt 0:06:17]} 14. cxd5 {[%emt 0:00:31]} O-O {[%emt 0:00:41]} 15. Qb3 {[%emt 0:01:13]} exd5 {[%emt 0:22:27]} 16. Bxd5 {[%emt 0:00:14]} Qc7 {[%emt 0:00:47]} 17. Bf4 {[%emt 0:00:19]} Be5 {[%emt 0:01:00]} 18. Rac1 {[%emt 0:00:32]} Qd6 {[%emt 0:01:08]} 19. Be3 {[%emt 0:04:04]} Qf6 {[%emt 0:03:50]} 20. Bxb7 {[%emt 0:00:30]} Rad8 {[%emt 0:03:10]} 21. Rc6 {[%emt 0:01:57]} Be6 {[%emt 0:02:43]} 22. Qb4 {[%emt 0:01:33]} Rb8 {[%emt 0:11:54]} 23. Bxa7 {[%emt 0:00:58]} Rxb7 {[%emt 0:00:55]} 24. Qxb7 {[%emt 0:00:07]} Qf3 {[%emt 0:00:23]} 25. Rxe6 {[%emt 0:08:26]} Qxb7 {[%emt 0:00:10]} 26. Rxe5 {[%emt 0:00:05]} Qxa7 {[%emt 0:00:13]} 27. a3 {[%emt 0:01:35]} Rb8 {[%emt 0:00:53]} 28. Re2 {[%emt 0:03:07]} Rb3 {[%emt 0:02:51]} 29. Rd1 {[%emt 0:00:25]} Qb7 {[%emt 0:04:53]} 30. Rdd2 {[%emt 0:00:50]} Qf3 {[%emt 0:02:25]} 31. Rd8+ {[%emt 0:06:11]} Kh7 {[%emt 0:00:18]} 32. Rde8 {[%emt 0:00:05]} Rd3 {[%emt 0:03:07]} 33. R8e3 {[%emt 0:00:47]} Rd1+ {[%emt 0:01:24]} 34. Re1 {[%emt 0:00:10]} Qxe3 {[%emt 0:00:57]} 35. Rxd1 {[%emt 0:00:07]} Qe2 {[%emt 0:01:14]} 36. Rb1 {[%emt 0:00:10]} Qc2 {[%emt 0:00:09]} 37. Re1 {[%emt 0:00:05]} Qxb2 {[%emt 0:00:27]} 38. Re3 {[%emt 0:00:06]} Qd4 {[%emt 0:05:17]} 39. h3 {[%emt 0:05:15]} f5 {[%emt 0:03:18]} 40. Re1 {[%emt 0:00:00]} Kg6 {[%emt 0:00:00]} 41. Kg2 {[%emt 0:16:50]} Kf6 {[%emt 0:25:35]} 42. Rf1 {[%emt 0:03:55]} Qd5+ {[%emt 0:02:31]} 43. Kg1 {[%emt 0:01:41]} Qa2 {[%emt 0:01:14]} 44. Kg2 {[%emt 0:02:50]} Qxa3 {[%emt 0:00:11]} 45. Re1 {[%emt 0:04:19]} Qa8+ {[%emt 0:00:50]} 46. Kg1 {[%emt 0:00:36]} g5 {[%emt 0:01:54]} 0-1

[Event "4th Memorial Warakomska-B 2020"]
[Site "Suwalki"]
[Date "2020.08.09"]
[Round "5.2"]
[White "Kaminski, Maciej"]
[Black "Ciszewski, Krzysztof"]
[Result "1-0"]
[WhiteElo "1869"]
[BlackElo "1728"]
[Annotator "NA"]
[PlyCount "77"]
[EventDate "2020.08.06"]
[EventType "swiss"]
[EventCountry "POL"]
[SourceTitle "playchess.com"]
[Source "ChessBase"]
[SourceQuality "1"]
[TimeControl "40/5400+30:1800+30"]

1. d4 {[%emt 0:00:00]} Nf6 {[%emt 0:00:00]} 2. Bf4 {[%emt 0:00:00]} g6 {[%emt 0:02:19]} 3. Nc3 {[%emt 0:00:00]} d5 {[%emt 0:03:12]} 4. e3 {[%emt 0:00:04]} a6 {[%emt 0:01:44]} 5. h4 {[%emt 0:01:49]} h5 {[%emt 0:01:10]} 6. Nf3 {[%emt 0:00:45] A45: Trompowsky Attack.} Bg7 {[%emt 0:01:29]} 7. Ne5 {[%emt 0:02:14]} Nbd7 {[%emt 0:16:03]} 8. Qd2 {[%emt 0:03:47]} c6 {[%emt 0:02:54] [#]} 9. O-O-O $146 {[%emt 0:01:38]} ({Predecessor:} 9. f3 Nxe5 10. Bxe5 Bf5 11. Bd3 Bxd3 12. Qxd3 Rc8 13. O-O-O Qa5 14. Kb1 b5 15. g4 {0-1 (35) Liew,M (1708)-Ng,S (2065) Penang 2019}) 9... O-O {[%emt 0:02:28]} 10. f3 {[%emt 0:03:46]} Qa5 {[%emt 0:04:00]} 11. e4 {[%emt 0:03:09]} (11. Be2 $16) 11... dxe4 {[%emt 0:01:44]} 12. fxe4 {[%emt 0:01:30]} Nxe5 {[%emt 0:01:05]} 13. Bxe5 {[%emt 0:01:07]} b5 {[%emt 0:02:28]} 14. Bxf6 {[%emt 0:09:10]} Bxf6 {[%emt 0:00:23]} 15. e5 {[%emt 0:00:09]} Bg7 {[%emt 0:00:51]} 16. Kb1 {[%emt 0:01:14] [#]} Be6 {[%emt 0:03:51]} ({Black should play} 16... Rd8 $1 $19 17. Be2 Be6) 17. Nd5 {[%emt 0:05:51]} Qd8 {[%emt 0:03:19]} 18. Nf4 {[%emt 0:00:45]} Bf5 {[%emt 0:05:11]} 19. Be2 {[%emt 0:02:15]} a5 {[%emt 0:08:45] [#]} 20. Rhf1 {[%emt 0:03:38]} ({White should play} 20. g4 $1 $16 {[%cal Rg4f5][%mdl 512]} hxg4 (20... Bxg4 21. Bxg4) 21. h5) 20... Qd7 {[%emt 0:02:24]} 21. Bf3 {[%emt 0:06:22]} Ra7 {[%emt 0:04:47]} 22. Qe3 {[%emt 0:03:56]} e6 {[%emt 0:05:58]} 23. Bxh5 {[%emt 0:16:24]} gxh5 {[%emt 0:05:06]} 24. Nxh5 {[%emt 0:02:02]} f6 {[%emt 0:04:08]} 25. exf6 $18 {[%emt 0:02:41]} Bh8 {[%emt 0:02:47]} 26. g4 {[%emt 0:01:56]} Bg6 {[%emt 0:01:17]} 27. Nf4 {[%emt 0:03:55]} Qh7 {[%emt 0:01:24]} 28. Nxg6 {[%emt 0:01:52]} Qxg6 {[%emt 0:00:02]} 29. Qxe6+ {[%emt 0:01:53]} Raf7 {[%emt 0:00:51]} 30. Rf5 {[%emt 0:01:49]} Bxf6 {[%emt 0:02:24]} 31. Rg5 {[%emt 0:00:20]} Qxg5 {[%emt 0:00:13]} 32. hxg5 {[%emt 0:00:17]} Bxg5 {[%emt 0:00:02]} 33. Qg6+ {[%emt 0:01:06]} Rg7 {[%emt 0:00:01]} 34. Qxc6 {[%emt 0:00:16]} Bd2 {[%emt 0:00:30]} 35. Qd5+ {[%emt 0:00:21]} Kh7 {[%emt 0:00:09]} 36. Rh1+ {[%emt 0:01:29]} Kg6 {[%emt 0:00:02]} 37. Qh5+ {[%emt 0:01:26]} Kf6 {[%emt 0:00:01]} 38. Rf1+ {[%emt 0:00:19]} Ke7 {[%emt 0:00:01]} 39. Qe5+ {[%emt 0:00:17]} 1-0

[Event "4th Memorial Warakomska-B 2020"]
[Site "Suwalki"]
[Date "2020.08.09"]
[Round "5.3"]
[White "Borowik, Wojciech"]
[Black "Kitewski, Bartosz"]
[Result "1-0"]
[WhiteElo "1769"]
[BlackElo "1718"]
[Annotator "NA"]
[PlyCount "47"]
[EventDate "2020.08.06"]
[EventType "swiss"]
[EventCountry "POL"]
[SourceTitle "playchess.com"]
[Source "ChessBase"]
[SourceQuality "1"]
[TimeControl "40/5400+30:1800+30"]

1. d4 {[%emt 0:00:00]} Nf6 {[%emt 0:00:00]} 2. Nf3 {[%emt 0:00:00]} e6 {[%emt 0:00:08]} 3. c4 {[%emt 0:00:00]} b6 {[%emt 0:00:08]} 4. Nbd2 {[%emt 0:00:36]} Bb7 {[%emt 0:00:20]} 5. e3 {[%emt 0:00:17]} d5 {[%emt 0:01:45]} 6. Be2 {[%emt 0:01:34]} Bd6 {[%emt 0:00:24]} 7. O-O {[%emt 0:00:48]} O-O {[%emt 0:00:23]} 8. b3 {[%emt 0:01:19]} c5 {[%emt 0:01:36]} 9. cxd5 {[%emt 0:06:26]} exd5 {[%emt 0:01:10]} 10. Bb2 {[%emt 0:00:20]} Nbd7 {[%emt 0:01:51]} 11. Rc1 {[%emt 0:02:39]} Rc8 {[%emt 0:03:27]} 12. Ne5 {[%emt 0:17:14]} Re8 {[%emt 0:22:06]} 13. f4 {[%emt 0:08:07]} Ne4 {[%emt 0:03:35]} 14. Nxe4 {[%emt 0:11:58]} dxe4 {[%emt 0:03:37]} 15. Bb5 {[%emt 0:05:44]} Bxe5 {[%emt 0:01:44]} 16. dxe5 {[%emt 0:01:56]} Re7 {[%emt 0:00:48]} 17. Qg4 {[%emt 0:00:59]} a6 {[%emt 0:04:01]} 18. Bc4 {[%emt 0:04:54]} b5 {[%emt 0:01:46]} 19. e6 {[%emt 0:00:33]} fxe6 {[%emt 0:12:45]} 20. Bxe6+ {[%emt 0:00:48]} Kh8 {[%emt 0:00:16]} 21. Rcd1 {[%emt 0:00:58]} Bc6 {[%emt 0:03:57]} 22. f5 {[%emt 0:06:37]} Qe8 {[%emt 0:12:31]} 23. f6 {[%emt 0:04:41]} h5 {[%emt 0:02:02]} 24. fxg7+ {[%emt 0:00:33]} 1-0